00502 2200193 4500001002100000005001500021008004100036020001800077035002500095041000800120082001200128090001200140100002200152245003800174250001600212260002800228300002900256650002300285INLIS00000000001340220130516004140 ind  a979-686-858-x a0010-051300000013402 aind a813.087 a813.087 aDarren Shan, Shan aDarren Shan "Asisten Vampire" c.1 aCetakan : 2 aJakartabGramediac2006 a231 hlm. : ilus. ;20 cm. aCerita petualangan